| 000 | 00557nam a2200193 i 4500 | ||
|---|---|---|---|
| 001 | 56220 | ||
| 003 | ES-MaACL | ||
| 007 | t| | ||
| 008 | 031006s1964 sp ||||1| spa d | ||
| 100 | 1 |
_aDíaz Terol, Juan. _944436 |
|
| 245 | 1 | 3 |
_aEl paisaje filosófico / _cJuan Díaz Terol. |
| 260 |
_aAlcoy : _bInstituto Alcoyano de Cultura "Andrés Sempere", _c1964. |
||
| 300 |
_a59 p. ; _c22 cm. |
||
| 490 | 1 |
_aZinc ; _v6 |
|
| 830 | 0 |
_aZinc ; _v6 _9182856 |
|
| 852 |
_aES-MaACL _jE-2492 _bR.55430 |
||
| 852 |
_aES-MaACL _jE-178 _bR.56656 |
||
| 999 |
_c56220 _d56220 |
||